000 00527nam a22001817a 4500
005 20251108172125.0
008 250721s1988 xx 000 0 ara d
082 1 4 _a817.6/جاح
100 1 _aالجاحظ، أبو عثمان عمرو بن بحر
245 1 0 _aالبخلاء /
250 _aط2
264 1 _aبيروت :
_bالمكتبة الثقافية،
_c1988.
300 _a166ص
650 1 7 _aالنوادر و الفكاهة
700 1 _aسويد، محمد
_eتحقيق
942 _2ddc
_cBK
999 _c71040
_d71040